Statistics for Cities That Will Host The Euros 2016

Click here to take the quiz!

General Stats

  • This quiz has been taken 190 times
  • The average score is 7 of 10

Answer Stats

City% Correct
Paris
99%
Lyon
94%
Marseille
91%
Nice
81%
Bordeaux
76%
Lille
73%
Toulouse
71%
Saint Etienne
56%
Saint Denis
46%
Lens
44%

Score Distribution

Percentile by Number Answered

Percent of People with Each Score

Your Score History

You have not taken this quiz